000 01956nam a2200565 a 4500
001 21923
003 CZ PrNK
005 20260314133007.0
007 ta
008 061116s2006 xr acf e 000 1acze
015 _acnb001698034
020 _a8024908298
_q(váz.)
035 _a(OCoLC)124090638
040 _aOLA001
_bcze
041 1 _acze
_heng
043 _an-us---
072 7 _a364
_xSociální problémy vyžadující podporu a pomoc. Sociální zabezpečení
_2Konspekt
072 7 _a929
_xBiografie
_2Konspekt
080 _a929
_2MRF
080 _a364.63-053.2
_2MRF
080 _a364-782.42
_2MRF
080 _a343.62
_2MRF
080 _a316.346.2-055.2
_2MRF
080 _a616.89-008
_2MRF
080 _a(73)
_2MRF
080 _a(0:82-94)
_2MRF
100 1 _aGregory, Julie,
_d1969-
_4aut
245 1 0 _aBezbranná :
_bšokující výpověď o umučeném dětství /
_cJulie Gregoryová ; [z anglického originálu ... přeložila Jana Kordíková]
250 _aVyd. 1.
260 _aV Praze :
_bIkar,
_c2006
300 _a221 s., [8] s. obr. příl. :
_bil., portréty ;
_c21 cm
600 1 7 _aGregory, Julie,
_d1969-
_2czenas
650 0 7 _atýrané děti
_zSpojené státy americké
_2czenas
650 0 7 _apěstounská péče
_2czenas
650 0 7 _atrestné činy proti dětem
_2czenas
650 0 7 _aženy
_2czenas
650 0 7 _aduševní poruchy
_2czenas
650 0 9 _aabused children
_zUnited States
_2eczenas
650 0 9 _afoster home care
_2eczenas
650 0 9 _acrimes against children
_2eczenas
650 0 9 _awomen
_2eczenas
650 0 9 _amental disorders
_2eczenas
655 7 _aautobiografické vzpomínky
_2czenas
655 9 _aautobiographical reminiscences
_2eczenas
765 0 _tSickened
856 4 1 _uhttp://krameriusndk.nkp.cz/search/handle/uuid:11b46980-7b38-11e6-afc6-005056827e52
_yDigitalizovaný dokument
901 _b9788024908298
_f1. vyd.
_o20070419
910 _aABA001
942 _2ddc
_cKLDO
_n0
999 _c21923
_d21923